000 00286nam a22001337a 4500
008 170616b xxu||||| |||| 00| 0 eng d
020 _a9781583224946
041 _aeng
080 _a32
100 _a20
101 _aSHP
245 _aSILECING POLITICAL
_cZINN.H
942 _2udc
_cBK
999 _c17833
_d17833